<?xml version="1.0" encoding="UTF-8"?>
<collection xmlns:xsi="http://www.w3.org/2001/XMLSchema-instance" xsi:schemaLocation="http://www.loc.gov/MARC21/slim http://www.loc.gov/standards/marcxml/schema/MARC21slim.xsd" xmlns="http://www.loc.gov/MARC21/slim">
 <record>
  <leader>00000ctm a22000004a 4500</leader>
  <controlfield tag="001">UP-99796217612974958</controlfield>
  <controlfield tag="003">Buklod</controlfield>
  <controlfield tag="005">20190304140322.0</controlfield>
  <controlfield tag="006">a     r    |||| u|</controlfield>
  <controlfield tag="007">ta</controlfield>
  <controlfield tag="008">190304s2018    xx     d     r    |||| u|</controlfield>
  <datafield tag="035" ind1=" " ind2=" ">
   <subfield code="a">(iLib)UPD-00397770451</subfield>
  </datafield>
  <datafield tag="040" ind1=" " ind2=" ">
   <subfield code="a">DCHE</subfield>
   <subfield code="e">rda</subfield>
  </datafield>
  <datafield tag="041" ind1=" " ind2=" ">
   <subfield code="a">eng</subfield>
  </datafield>
  <datafield tag="042" ind1=" " ind2=" ">
   <subfield code="a">DMLUC</subfield>
  </datafield>
  <datafield tag="090" ind1=" " ind2=" ">
   <subfield code="a">LG 993.5 2018 C56</subfield>
   <subfield code="b">C66</subfield>
  </datafield>
  <datafield tag="100" ind1="1" ind2=" ">
   <subfield code="a">Contreras, Aldea Mae N.</subfield>
   <subfield code="e">author.</subfield>
  </datafield>
  <datafield tag="245" ind1="1" ind2="0">
   <subfield code="a">Coir</subfield>
   <subfield code="b">fabric development and evaluation of fabric handfeel</subfield>
   <subfield code="c">Aldea Mae N. Contreras ; Maria Monica E. Rayala, adviser.</subfield>
  </datafield>
  <datafield tag="264" ind1=" " ind2="1">
   <subfield code="a">Quezon City</subfield>
   <subfield code="b">College of Home Economics, University of the Philippines</subfield>
   <subfield code="c">2018.</subfield>
  </datafield>
  <datafield tag="300" ind1=" " ind2=" ">
   <subfield code="a">67 pages</subfield>
   <subfield code="b">color illustrations +</subfield>
   <subfield code="e">1 CD-ROM</subfield>
  </datafield>
  <datafield tag="336" ind1=" " ind2=" ">
   <subfield code="a">text</subfield>
   <subfield code="2">rdacontent</subfield>
  </datafield>
  <datafield tag="337" ind1=" " ind2=" ">
   <subfield code="a">unmediated</subfield>
   <subfield code="2">rdamedia</subfield>
  </datafield>
  <datafield tag="338" ind1=" " ind2=" ">
   <subfield code="a">volume</subfield>
   <subfield code="2">rdacarrier</subfield>
  </datafield>
  <datafield tag="502" ind1=" " ind2=" ">
   <subfield code="a">Thesis (B.S. Clothing Technology) -- University of the Philippines Diliman</subfield>
   <subfield code="d">December, 2018.</subfield>
  </datafield>
  <datafield tag="520" ind1=" " ind2=" ">
   <subfield code="a">The Philippine fiber and garment industry has been on the decline since the 1990s due to the phase-out of the Multi-Fiber Agreement and export demand for locally produced textiles decreased (Ong, 2012). Conversely, the local coconut industry is booming and the Philippines produces around 15 billion coconuts and exports coconut oil and desiccated coconut (Forbes, 2013). Coir is a fiber that can be extracted from coconut husks, which is a by-product of the coconut industry, and utilizing coir fiber in textiles could potentially reinvigorate the local textile industry. Coir is a tough and coarse fiber, which limits its applications, especially in apparel. This experimental research aimed to soften coir fiber, develop a fabric from the resulting fibers and explore its potential textile applications. The coir fiber was procured from a local gardening supplies shop and softened by soaking and heating in an alkaline solution (40 % Na2S, 10 % NaOH and 6 % Na2CO3) for 2 hours. The treated fibers were blended with cotton at a 70:30 ratio and spun into yarn, resulting to a 70:30 cotton-coir yarn. The resulting yarn was used as the weft and woven with pure cotton yarns as the warp. Selected BS Clothing Technology students who have studied textiles and textile properties evaluated the handfeel of the resulting fabric. The results of the evaluation showed that the cotton-coir fabric had a very rough and scratchy surface due to the protrusions of coir fiber, which greatly limits its potential textile applications. It was also evaluated as a stiff and crisp fabric. The fabric was recommended for use in home furnishing and décors. For apparel use, the surface quality needed to be improved, but it had desirable aesthetic appeal. It could be used as a decorative detail in apparel, as long as it did not touch the skin. The researcher recommends using an alternative method of softening the coir to improve the fabric handfeel and expand the potential applications of softened</subfield>
  </datafield>
  <datafield tag="650" ind1=" " ind2="0">
   <subfield code="a">Coir industry</subfield>
   <subfield code="z">Philippines.</subfield>
  </datafield>
  <datafield tag="650" ind1=" " ind2="0">
   <subfield code="a">Textile fabrics</subfield>
   <subfield code="z">Philippines.</subfield>
  </datafield>
  <datafield tag="650" ind1=" " ind2="0">
   <subfield code="a">Clothing trade</subfield>
   <subfield code="z">Philippines.</subfield>
  </datafield>
  <datafield tag="700" ind1="1" ind2=" ">
   <subfield code="a">Rayala, Maria Monica E.</subfield>
   <subfield code="e">adviser.</subfield>
  </datafield>
  <datafield tag="905" ind1=" " ind2=" ">
   <subfield code="a">FI</subfield>
  </datafield>
  <datafield tag="905" ind1=" " ind2=" ">
   <subfield code="a">UP</subfield>
  </datafield>
  <datafield tag="852" ind1="0" ind2=" ">
   <subfield code="a">UPD</subfield>
   <subfield code="b">DCHE</subfield>
   <subfield code="h">LG 993.5 2018 C56</subfield>
   <subfield code="i">C66</subfield>
  </datafield>
  <datafield tag="942" ind1=" " ind2=" ">
   <subfield code="a">Thesis</subfield>
  </datafield>
 </record>
</collection>
